000 03153nam a22003974a 4500
005 20050803152059.0
008 030618s2004 nyua b b 001 0 eng
010 _aB-330936-946
020 _a9780590847651
020 _a0590847651
_c95.00
037 _bThe Wise Owl
040 _adpl
_bEnglish
082 _aS
100 _aStine, R.L.
245 _aThe curse of the creeping coffin /
_cby R.L. Stine
260 _aNew York
_bScholastic Inc.
_c2008
270 _a555 Broadway
_bNewyork
_eNY 10012
300 _a132p.
_c18cm. (pbk)
440 _aGive yourself Goosebumps #8
500 _aApple fiction
942 _2ddc
_cCH
_mSTI
_hS
999 _c21282
_d21282